| 000 | 00364nam a2200157Ia 4500 | ||
|---|---|---|---|
| 003 | OSt | ||
| 005 | 20231211064623.0 | ||
| 008 | 170524s9999 xx 000 0 und d | ||
| 020 | _a0-7506-4232-7 | ||
| 040 | _ciimt | ||
| 100 | _aTribe- John | ||
| 245 | 4 | _aThe economics of Leisure & tourism | |
| 260 | _bBatterworth Heinemann | ||
| 260 | _c2001 | ||
| 942 |
_2ddc _c02 |
||
| 999 |
_c6986 _d6986 |
||